[Event "AUTO-OPEN-4606"]
[Site "http://www.queenalice.com/game.php?id=1860750"]
[Date "2025.7.29"]
[Round "1"]
[White "andrevillares"]
[Black "JoseMessias"]
[Result "1-0"]
[WhiteElo "2175"]
[BlackElo "1701"]

1. d4 d5 2. c4 dxc4 3. Nf3 c5 4. Qa4+ Bd7 5. Qxc4 cxd4 6. Nxd4 b5 7. Nxb5 Bxb5
8. Qxb5+ Nd7 9. Bf4 a6 10. Qd3 Nc5 11. Qxd8+ Rxd8 12. Nc3 f6 13. e3 g5 14. Bc7
Rd7 15. Bb6 Nd3+ 16. Bxd3 Rxd3 17. O-O e5 18. Rac1 Nh6 19. Ne4 Kf7 20. Rc6 Be7
21. Rc7 Nf5 22. Nc5 Rd2 23. Nxa6 Kg6 24. g4 Nh4 25. Rxe7 Rxb2 26. Bc5 Rxa2 27.
Nb4 Ra4 28. Nd5 Rxg4+ 29. Kh1 Nf3 30. Re6 Kh5 31. Nxf6+ Kh4 32. Nxg4 Kxg4 33.
Rf6 e4 34. Rb1 Nd2 35. Rb4 Re8 36. Kg2 Nf3 37. Rxf3 Kh5 38. Rf6 Re5 39. Bf8 g4
40. Rh6+ Kg5 41. h4+ Kf5 42. Rh5+ Ke6 43. Rb6+ Kd5 44. Rb5+ Ke6 45. Rhxe5+ 1-0

[Event "AUTO-OPEN-4606"]
[Site "http://www.queenalice.com/game.php?id=1860779"]
[Date "2025.7.29"]
[Round "1"]
[White "andrevillares"]
[Black "IranSilva"]
[Result "1-0"]
[WhiteElo "2143"]
[BlackElo "2255"]

1. d4 d5 2. c4 c6 3. Nc3 e6 4. cxd5 exd5 5. Nf3 Nf6 6. Bg5 Be7 7. e3 Nbd7 8. Bd3
h6 9. Bh4 O-O 10. O-O Nh5 11. Bxe7 Qxe7 12. Re1 f5 13. Qc2 Qf6 14. b4 b5 15. a4
bxa4 16. Nxa4 Rb8 17. Reb1 Nb6 18. b5 Bd7 19. Nc5 Be8 20. Rxa7 f4 21. bxc6 Bxc6
22. Ne5 fxe3 23. Bh7+ Kh8 24. Ng6+ Kxh7 25. Nxf8+ Kg8 26. Qh7+ Kxf8 27. Qh8# 1-0

[Event "AUTO-OPEN-4606"]
[Site "http://www.queenalice.com/game.php?id=1860780"]
[Date "2025.7.29"]
[Round "1"]
[White "IranSilva"]
[Black "andrevillares"]
[Result "1-0"]
[WhiteElo "2242"]
[BlackElo "2181"]

1. Nf3 Nf6 2. g3 d5 3. Bg2 c5 4. O-O Nc6 5. d3 e5 6. Nbd2 Bd6 7. e4 Be6 8. Ng5
dxe4 9. Nxe6 fxe6 10. Nxe4 O-O 11. Nxd6 Qxd6 12. b3 Rad8 13. Bb2 Rd7 14. Bxc6
Qxc6 15. Bxe5 Qd5 16. Qe2 Rdf7 17. c4 Qd8 18. Rad1 Nd7 19. Bc3 Qe8 20. d4 cxd4
21. Bxd4 e5 22. Bc3 e4 23. Bd4 Rf5 24. Rd2 Ne5 25. Bxe5 Rxe5 26. Re1 e3 27. fxe3
Qe6 28. Rd3 h5 29. Qd2 Rf3 30. Rd8+ Kf7 31. Rd7+ Ke8 32. Rxb7 Rfxe3 33. Rb8+ Kf7
34. Rf1+ Kg6 35. Qc2+ R5e4 36. Rbf8 Re2 37. Qb1 Qh3 38. R8f2 Kh6 39. a3 Rxf2 40.
Rxf2 Qe6 41. Qc1+ g5 42. Qc3 Re1+ 43. Kg2 Qh3+ 44. Kxh3 1-0

[Event "AUTO-MASTER-3275"]
[Site "http://www.queenalice.com/game.php?id=1860942"]
[Date "2025.8.2"]
[Round "1"]
[White "andrevillares"]
[Black "JailtonMaster"]
[Result "1-0"]
[WhiteElo "2120"]
[BlackElo "2026"]

1. d4 d5 2. c4 e6 3. Nc3 Nf6 4. Bg5 Nbd7 5. e3 c6 6. Nf3 Be7 7. Bd3 dxc4 8. Bxc4
b5 9. Bb3 a6 10. O-O O-O 11. Re1 Bb7 12. Bc2 Qc7 13. e4 c5 14. e5 Nd5 15. Nxd5
1-0

[Event "AUTO-MASTER-3275"]
[Site "http://www.queenalice.com/game.php?id=1860943"]
[Date "2025.8.2"]
[Round "1"]
[White "JailtonMaster"]
[Black "andrevillares"]
[Result "1-0"]
[WhiteElo "2210"]
[BlackElo "2125"]

1. e4 c6 2. d4 d5 3. exd5 cxd5 4. Nf3 Nc6 5. Bd3 Nf6 6. O-O Bg4 7. c3 e6 8. Bg5
Be7 9. Nbd2 h6 10. Bh4 O-O 11. Qc2 Rc8 12. a3 Bd6 13. Rfe1 Re8 14. Ne5 Bh5 15.
Nef3 e5 16. dxe5 Nxe5 17. Nxe5 Bxe5 18. f3 Qb6+ 19. Kh1 Bb8 20. g4 Bg6 21. Bxg6
fxg6 22. Qxg6 Rf8 23. Re7 Ne8 24. Qxb6 axb6 25. Rxb7 Bc7 26. Re1 Nd6 27. Ra7 Bb8
28. Rd7 Rf7 29. Rxf7 Nxf7 30. Nb3 Ne5 31. Kg2 Nd3 32. Rb1 Re8 33. Nd4 Bd6 34.
Bg3 Bc5 35. Bf2 Nxf2 36. Kxf2 Re5 37. Re1 Rxe1 38. Kxe1 Kf7 39. Kd2 Kf6 40. Ke3
g6 41. b4 Bd6 42. h4 Bg3 43. h5 gxh5 44. gxh5 Be1 45. Ne2 Ke5 46. a4 Bh4 47. f4+
Ke6 48. Nd4+ Kd7 49. Nf5 Be1 50. Kd3 Ke6 51. Nxh6 Kf6 52. Ng4+ Kf5 53. h6 Kg6
54. f5+ Kh7 55. Nf6+ Kxh6 56. Nxd5 Kg5 57. f6 Kg6 58. Kc4 Kf7 59. Kb5 Ke6 60. a5
bxa5 61. bxa5 Bf2 62. c4 Bd4 63. a6 Kf7 64. c5 Ke6 65. a7 1-0

[Event "AUTO-MASTER-3275"]
[Site "http://www.queenalice.com/game.php?id=1860944"]
[Date "2025.8.2"]
[Round "1"]
[White "andrevillares"]
[Black "maurice916"]
[Result "1-0"]
[WhiteElo "2158"]
[BlackElo "1888"]

1. d4 d5 2. c4 c6 3. Nc3 Nf6 4. Nf3 a6 5. cxd5 cxd5 6. Bf4 b5 7. e3 Bb7 8. Bd3
e6 9. O-O Nbd7 10. Rc1 Be7 11. Re1 O-O 12. e4 dxe4 13. Nxe4 Nxe4 14. Bxe4 Bxe4
15. Rxe4 Nf6 16. Re1 Qb6 17. Ne5 Nd5 18. Bg3 Rfd8 19. Qf3 Bf6 20. Red1 Rac8 21.
Rxc8 Rxc8 22. Nd7 Qd8 23. Nxf6+ Nxf6 24. Bh4 Qxd4 25. Rxd4 1-0

[Event "AUTO-MASTER-3275"]
[Site "http://www.queenalice.com/game.php?id=1860945"]
[Date "2025.8.2"]
[Round "1"]
[White "maurice916"]
[Black "andrevillares"]
[Result "1/2-1/2"]
[WhiteElo "1847"]
[BlackElo "2159"]

1. Nf3 d5 2. b3 c5 3. Bb2 Nc6 4. e3 Nf6 5. Bb5 Bd7 6. O-O e6 7. c4 Be7 8. d4
cxd4 9. exd4 a6 10. Bxc6 Bxc6 11. Nbd2 O-O 12. Re1 b5 13. c5 Nd7 14. Ne5 Nxe5
15. Rxe5 Bf6 16. Re1 Re8 17. Nf3 g6 18. Ne5 Qc7 19. Qf3 Bg7 20. Bc3 a5 21. Bb2
a4 22. b4 f6 23. Nxc6 Qxc6 24. a3 e5 25. dxe5 fxe5 26. Rad1 Rac8 27. Qxd5+ Qxd5
28. Rxd5 e4 29. Bxg7 Kxg7 30. Re3 Re7 31. g3 Kf6 32. Rd6+ Kf5 33. h3 h5 34. Rd5+
Re5 35. g4+ Ke6 36. Rd6+ Kf7 37. Rd7+ Kf6 38. Rd6+ 1/2-1/2